[Event "Rhein Main op-A 20th"]
[Site "Bad Homburg"]
[Date "2017.06.16"]
[Round "4"]
[White "Traut, Stefan"]
[Black "Goebel, Andreas"]
[Result "0-1"]
[WhiteElo "1711"]
[BlackElo "1975"]
[PlyCount "128"]
[EventDate "2017.06.14"]
[EventType "swiss"]
[EventRounds "7"]
[EventCountry "GER"]
[SourceTitle "EXT 2018"]
[Source "ChessBase"]
[SourceDate "2017.10.13"]
[SourceVersion "1"]
[SourceVersionDate "2017.10.13"]
[SourceQuality "1"]

1. d4 Nf6 2. Nf3 d5 3. c4 e6 4. g3 c6 5. Qc2 Bb4+ 6. Bd2 Be7 7. Bg2 0-0 8. 0-0 Ne4 9. e3 Nd7 10. Nc3 f5 11. b3 Qe8 12. Bc1 g5 13. Ne1 Qh5 14. f3 Nxc3 15. Qxc3 Nf6 16. Qc2 Bd7 17. Nd3 Rae8 18. Bb2 g4 19. f4 Bd6 20. Rae1 Re7 21. c5 Bb8 22. b4 Qe8 23. Rb1 h5 24. Bc3 Rh7 25. Rf2 h4 26. gxh4 Rxh4 27. Bh1 Qh5 28. Rg2 Ne4 29. Be1 Rh3 30. Qe2 Kf7 31. Nf2 g3 32. Qxh5+ Rxh5 33. Nxe4 dxe4 34. Rxg3 Rfh8 35. Rb2 Bc7 36. Rbg2 R5h7 37. Bd2 Bd8 38. Bc3 Bf6 39. Rb2 Be8 40. Rgg2 Ke7 41. a4 a6 42. Be1 Bh5 43. Bg3 Bd1 44. a5 Rg7 45. Rbd2 Bf3 46. Kf2 Bxg2 47. Bxg2 Bh4 48. Bxh4+ Rxh4 49. h3 Rh6 50. Kf1 Rhg6 51. Re2 Rg3 52. Kg1 Rxh3 53. Kf2 Rh2 54. Kg1 Rgh7 55. Kf2 Kf6 56. Re1 R7h4 57. Kg3 Kg6 58. Rg1 Kh5 59. Bf1 Rb2 60. Rg2 Rg4+ 61. Kh2 Rgxg2+ 62. Bxg2 Kh4 63. Kg1 Kg3 64. Kf1 Rxg2 0-1